Meniaca sa úloha priamych zahraničných investícií v ekonomike Číny
Čína považovaná za potenciálnu ekonomickú veľmoc budúcnosti. Úloha priamych zahraničných investícií v Číne. Zahraničné investície najmä v odvetviach, ktorých produkcia je určená na vývoz. Investície do spracovateľského priemyslu. Bilaterálne zmluvy o vzájomnej podpore a ochrane investícií a stabiliz...
Enregistré dans:
| Auteur principal: | |
|---|---|
| Autres auteurs: | |
| Format: | Chapitre de livre |
| Langue: | slovaque |
| Sujets: | |
| Tags: |
Pas de tags, Soyez le premier à ajouter un tag!
|
MARC
| LEADER | 00000naa$a2200000$$$4500 | ||
|---|---|---|---|
| 001 | 0047750 | ||
| 005 | 20240502083127.2 | ||
| 041 | 0 | |a slo | |
| 044 | |a CZ | ||
| 245 | 1 | 0 | |a Meniaca sa úloha priamych zahraničných investícií v ekonomike Číny |
| 520 | |a Čína považovaná za potenciálnu ekonomickú veľmoc budúcnosti. Úloha priamych zahraničných investícií v Číne. Zahraničné investície najmä v odvetviach, ktorých produkcia je určená na vývoz. Investície do spracovateľského priemyslu. Bilaterálne zmluvy o vzájomnej podpore a ochrane investícií a stabilizácia zahranično-ekonomických vzťahov. Trendy do budúcnosti a možné komplikácie. | ||
| 610 | 2 | 0 | |a investície zahraničné |
| 610 | 2 | 0 | |a vývoz |
| 610 | 2 | 0 | |a dovoz |
| 610 | 2 | 0 | |a priemysel spracovateľský |
| 610 | 2 | 0 | |a priemysel automobilový |
| 610 | 2 | 0 | |a trh miestny |
| 610 | 2 | 0 | |a produkt domáci hrubý |
| 610 | 2 | 0 | |a mena |
| 610 | 2 | 0 | |a bilancia platobná |
| 610 | 2 | 0 | |a spolupráca medzinárodná |
| 610 | 2 | 0 | |a Čína |
| 100 | 1 | |a Vážan, Marek | |
| 700 | 1 | |a Krajčík, Daniel, 1981- | |